02134cam a22004094i 4500003000900000005001700009008004100026035002000067040003300087100003500120245013500155264000900290300003900299336002100338337002500359338002300384502005900407504002400466520097100490526001001461526001001471526000901481526000901490526000901499526000901508526000901517526000901526526000901535526000801544526000801552526000801560526000801568526000801576650004601584650005701630700003701687PE-LiUPU20250731165438.0160530s2016 pe a grm 000 0 spa d a(Sirsi) a156942 aPE-LiUPUbspacPE-LiUPUerda1 aBurga Delgado, Isaíaseautor1 aInteligencia emocional y resiliencia en pacientes con cáncer de mama en el HNGAI-EsSalud de Lima, 2016 cIsaías Burga Delgado. 0c2016 a92 hojas : bilustraciones;c30 cm atext2rdacontent aunmediated2rdamedia avolume2rdacarrier aTesisb(Lic.) -- cUniversidad Peruana Unión,d2016. aIncluye referencias3 aEl objetivo del presente estudio fue determinar la relación entre inteligencia emocional y resiliencia en pacientes con cáncer de mama en el Hospital Nacional Guillermo Almenara Irigoyen -EsSalud de Lima, 2016. El estudio es no experimental de corte transversal y de tipo correlacional, se contó con la participación de 57 pacientes con cáncer de mama comprendidos entre las edades de 23 a 89 años. Los instrumentos usados fueron la Escala TMMS-24 de Salovey y Mayer adaptada por Fernández, Extremera y Ramos (2004). Las propiedades psicométricas de los instrumentos indican que son válidos y confiables para esta investigación. Los resultados muestran que existe relación positiva y altamente significativa entre inteligencia emocional y resiliencia (r=.663, p=0.00), es decir que, en la medida que los pacientes con cáncer de mama evidenciaron mayores niveles de inteligencia emocional, también presentaron mayores niveles de resiliencia. aSEG44 aSEG26 aP151 aP150 aP149 aP146 aP145 aP126 aP125 aP92 aP75 aP74 aP27 aP1504aEnfermos de cáncerxResilienciavTesis.04aEnfermos de cáncerxInteligencia emocionalvTesis.1 aSánchez Vásquez, Titoeautor